1948 1807 1366 1487 1929 1947 1094 1021 1546 1931 1875 1743 1853 1321 1901 1263 1536 1642 1859 1094 1302 1892 1106 1481 1287 1796 1058 1936 1382 1668 1423 1130 1001 1861 1902 1646 1997 1600 1452 1755 1493 1901 1089 1462 1092 1755 1061 1474 1658 1922 1290 1763 1106 1389 1444 1296 1694 1488 1031 1254 1080 1639 1894 1203 1447 1110 1693 1023 1236 1356 1556 1617 1849 1032 1055 1004 1296 1277 1756 1741 1606 1941 1725 1098 1377 1641 1107 1182 1362 1836 1502 1554 1483 1988 1312 1442 1579 1218 1346 BCNSPRNW ULIB Ver.6.0+V

เปลี่ยนเป็นภาษาไทย

Change to English
 แสดงรายละเอียดบรรณานุกรม
  กลับหน้าหลัก

Brief Record : Get Marc (ISO 2709) : E-mail record : QR code < ปิดหน้าต่าง
LEADER : 00000nam 2200000uu 4500
001    13399126742
003     ULIB
008    020711s2018 th a 000 0 eng d
020    ^a9781496394736
060    ^aWY100.5^bS889N
100    ^aSTOUT,KATE
245    ^aNURSING DOCUMENTATION MADE INCREDIBLY EASY
250    ^a4th ed
260    ^aPhiladelphia :^bWolters Kluwer,^c2018
300    ^a290 pages;^c26 cm
650    ^aNursing Records
650    ^aDocumentation
945    ^p1496^l0^i005407
999    ^aประนอม เกษจรัล
รายการนี้ยังไม่มีแท็ก
คุณยังไม่ได้ล็อกอิน คุณสามารถมีกิจกรรมร่วมกับเว็บไซต์ได้ แต่ต้องล็อกอินก่อน ::
  ล็อกอิน

รายการสื่อสารสนเทศ

ลำดับที่ ประเภท เลขเรียก/บาร์โค้ด สถานที่ สถานะ
1. Book การพยาบาล
หนังสือสำรอง
สถานะ=หนังสือสำรอง
WY100.5 S889N ฉ.1 
  Barcode: 005407
ห้องสมุดวิทยาเขตสวรรค์ประชารักษ์
►หนังสือทั่วไป
บนชั้น

รายการใกล้เคียง
    หัวเรื่อง [Documentation]

BibComment


ยังไม่เคยถูกคอมเมนท์

คอมเมนท์ทรัพยากรรายการนี้
  คอมเมนท์: NURSING DOCUMENT..


 Copyright 2026. Bcnsprnw @Library